Digital Design and computer organisation (Record no. 7818)
[ view plain ]
| 000 -LEADER | |
|---|---|
| fixed length control field | 00345nam a2200133Ia 4500 |
| 008 - FIXED-LENGTH DATA ELEMENTS--GENERAL INFORMATION | |
| fixed length control field | 191201s2010 xx 000 0 und d |
| 082 ## - DEWEY DECIMAL CLASSIFICATION NUMBER | |
| Classification number | 004.22 |
| Item number | GID |
| 100 ## - MAIN ENTRY--PERSONAL NAME | |
| Personal name | Gill, Nasib Singh |
| 245 #0 - TITLE STATEMENT | |
| Title | Digital Design and computer organisation |
| 250 ## - EDITION STATEMENT | |
| Edition statement | Rep |
| 260 ## - PUBLICATION, DISTRIBUTION, ETC. (IMPRINT) | |
| Date of publication, distribution, etc | 2010 |
| Name of publisher, distributor, etc | Laxmi Publications |
| Place of publication, distribution, etc | NEW DELHI |
| 300 ## - PHYSICAL DESCRIPTION | |
| Extent | 394 |
| 942 ## - ADDED ENTRY ELEMENTS (KOHA) | |
| Source of classification or shelving scheme | Dewey Decimal Classification |
| Koha item type | Text Books |
| 942 ## - ADDED ENTRY ELEMENTS (KOHA) | |
| -- | 23 |
| Withdrawn status | Lost status | Source of classification or shelving scheme | Damaged status | Not for loan | Collection code | Home library | Current library | Date acquired | Source of acquisition | Cost, normal purchase price | Bill Number | Total Checkouts | Full call number | Acc. no. / Barcode | Date last seen | Date last borrowed | Actual Cost, discounted price | Bill Date | Koha item type |
|---|---|---|---|---|---|---|---|---|---|---|---|---|---|---|---|---|---|---|---|
| Dewey Decimal Classification | BCA | PIET C-LIBRARY | PIET C-LIBRARY | 09/04/2012 | IBH, New Delhi | 240.00 | 10249 | 5 | 004.22 GID | BC302 | 10/01/2024 | 27/12/2023 | 172.80 | 09/04/2012 | Text Books | ||||
| Dewey Decimal Classification | BCA | PIET C-LIBRARY | PIET C-LIBRARY | 09/04/2012 | IBH, New Delhi | 240.00 | 10249 | 7 | 004.22 GID | BC303 | 05/02/2024 | 25/01/2024 | 172.80 | 09/04/2012 | Text Books | ||||
| Dewey Decimal Classification | BCA | PIET C-LIBRARY | PIET C-LIBRARY | 09/04/2012 | IBH, New Delhi | 240.00 | 10249 | 5 | 004.22 GID | BC304 | 18/12/2024 | 03/12/2024 | 172.80 | 09/04/2012 | Text Books | ||||
| Dewey Decimal Classification | BCA | PIET C-LIBRARY | PIET C-LIBRARY | 09/06/2013 | IBH, New Delhi | 240.00 | 10134 | 10 | 004.22 GID | BC582 | 19/12/2025 | 31/10/2025 | 172.80 | 09/06/2013 | Text Books | ||||
| Dewey Decimal Classification | BCA | PIET C-LIBRARY | PIET C-LIBRARY | 09/06/2013 | IBH, New Delhi | 240.00 | 10134 | 9 | 004.22 GID | BC583 | 04/02/2025 | 29/01/2025 | 172.80 | 09/06/2013 | Text Books | ||||
| Dewey Decimal Classification | BCA | PIET C-LIBRARY | PIET C-LIBRARY | 09/06/2013 | IBH, New Delhi | 240.00 | 10134 | 2 | 004.22 GID | BC584 | 10/01/2024 | 26/12/2023 | 172.80 | 09/06/2013 | Text Books | ||||
| Dewey Decimal Classification | BCA | PIET C-LIBRARY | PIET C-LIBRARY | 09/06/2013 | IBH, New Delhi | 240.00 | 10134 | 6 | 004.22 GID | BC585 | 06/10/2025 | 23/09/2025 | 172.80 | 09/06/2013 | Text Books | ||||
| Dewey Decimal Classification | BCA | PIET C-LIBRARY | PIET C-LIBRARY | 09/06/2013 | IBH, New Delhi | 240.00 | 10134 | 004.22 GID | BC586 | 04/12/2019 | 172.80 | 09/06/2013 | Text Books | ||||||
| Dewey Decimal Classification | BCA | PIET C-LIBRARY | PIET C-LIBRARY | 09/06/2013 | IBH, New Delhi | 240.00 | 10134 | 7 | 004.22 GID | BC587 | 31/12/2024 | 18/12/2024 | 172.80 | 09/06/2013 | Text Books | ||||
| Dewey Decimal Classification | BCA | PIET C-LIBRARY | PIET C-LIBRARY | 09/06/2013 | IBH, New Delhi | 240.00 | 10134 | 6 | 004.22 GID | BC588 | 27/11/2025 | 13/11/2025 | 172.80 | 09/06/2013 | Text Books | ||||
| Dewey Decimal Classification | BCA | PIET C-LIBRARY | PIET C-LIBRARY | 09/06/2013 | IBH, New Delhi | 240.00 | 10134 | 7 | 004.22 GID | BC589 | 29/10/2025 | 06/10/2025 | 172.80 | 09/06/2013 | Text Books | ||||
| Dewey Decimal Classification | BCA | PIET C-LIBRARY | PIET C-LIBRARY | 09/06/2013 | IBH, New Delhi | 240.00 | 10134 | 6 | 004.22 GID | BC590 | 01/03/2024 | 24/01/2024 | 172.80 | 09/06/2013 | Text Books | ||||
| Dewey Decimal Classification | BCA | PIET C-LIBRARY | PIET C-LIBRARY | 09/06/2013 | IBH, New Delhi | 240.00 | 10134 | 7 | 004.22 GID | BC591 | 22/11/2024 | 07/11/2024 | 172.80 | 09/06/2013 | Text Books | ||||
| Dewey Decimal Classification | BCA | PIET C-LIBRARY | PIET C-LIBRARY | 09/06/2013 | IBH, New Delhi | 240.00 | 10134 | 4 | 004.22 GID | BC592 | 21/06/2023 | 08/06/2023 | 172.80 | 09/06/2013 | Text Books | ||||
| Dewey Decimal Classification | BCA | PIET C-LIBRARY | PIET C-LIBRARY | 09/06/2013 | IBH, New Delhi | 240.00 | 10134 | 6 | 004.22 GID | BC593 | 19/12/2024 | 11/12/2024 | 172.80 | 09/06/2013 | Text Books | ||||
| Dewey Decimal Classification | BCA | PIET C-LIBRARY | PIET C-LIBRARY | 19/04/2018 | Kirti Prakashan | 365.00 | IN0317 | 12 | 004.22 GID | BC1243 | 13/11/2025 | 29/10/2025 | 270.10 | 19/04/2018 | Text Books | ||||
| Dewey Decimal Classification | BCA | PIET C-LIBRARY | PIET C-LIBRARY | 19/04/2018 | Kirti Prakashan | 365.00 | IN0317 | 13 | 004.22 GID | BC1244 | 16/12/2025 | 09/12/2025 | 270.10 | 19/04/2018 | Text Books | ||||
| Dewey Decimal Classification | BCA | PIET C-LIBRARY | PIET C-LIBRARY | 19/04/2018 | Kirti Prakashan | 365.00 | IN0317 | 9 | 004.22 GID | BC1245 | 14/11/2024 | 23/10/2024 | 270.10 | 19/04/2018 | Text Books | ||||
| Dewey Decimal Classification | BCA | PIET C-LIBRARY | PIET C-LIBRARY | 19/04/2018 | Kirti Prakashan | 365.00 | IN0317 | 9 | 004.22 GID | BC1246 | 08/01/2026 | 06/01/2026 | 270.10 | 19/04/2018 | Text Books | ||||
| Dewey Decimal Classification | BCA | PIET C-LIBRARY | PIET C-LIBRARY | 19/04/2018 | Kirti Prakashan | 365.00 | IN0317 | 9 | 004.22 GID | BC1247 | 11/01/2025 | 30/12/2024 | 270.10 | 19/04/2018 | Text Books |